<?xml version="1.0" encoding="UTF-8"?>
<record
    xmlns:xsi="http://www.w3.org/2001/XMLSchema-instance"
    xsi:schemaLocation="http://www.loc.gov/MARC21/slim http://www.loc.gov/standards/marcxml/schema/MARC21slim.xsd"
    xmlns="http://www.loc.gov/MARC21/slim">

  <leader>07215ncm0a2200793   4500</leader>
  <controlfield tag="001">RU\NLR\ONIZ\198482</controlfield>
  <controlfield tag="005">20260406144843.0</controlfield>
  <datafield tag="010" ind1=" " ind2=" ">
    <subfield code="a">5-901112-60-1</subfield>
  </datafield>
  <datafield tag="021" ind1=" " ind2=" ">
    <subfield code="a">RU</subfield>
    <subfield code="b">07-48</subfield>
    <subfield code="9">07-3</subfield>
  </datafield>
  <datafield tag="035" ind1=" " ind2=" ">
    <subfield code="a">(NLR Aleph) 010889091</subfield>
  </datafield>
  <datafield tag="090" ind1=" " ind2=" ">
    <subfield code="a">10542239</subfield>
    <subfield code="c">10542239</subfield>
  </datafield>
  <datafield tag="100" ind1=" " ind2=" ">
    <subfield code="a">20140708d2005    |||y0rusy50      ca</subfield>
  </datafield>
  <datafield tag="101" ind1="0" ind2=" ">
    <subfield code="a">rus</subfield>
  </datafield>
  <datafield tag="102" ind1=" " ind2=" ">
    <subfield code="a">RU</subfield>
  </datafield>
  <datafield tag="125" ind1=" " ind2=" ">
    <subfield code="a">ax</subfield>
  </datafield>
  <datafield tag="128" ind1=" " ind2=" ">
    <subfield code="a">rmc</subfield>
  </datafield>
  <datafield tag="145" ind1="0" ind2=" ">
    <subfield code="a">c</subfield>
  </datafield>
  <datafield tag="200" ind1="1" ind2=" ">
    <subfield code="a">&#x42F; &#x441;&#x435;&#x440;&#x434;&#x446;&#x435;&#x43C; &#x43D;&#x438;&#x43A;&#x43E;&#x433;&#x434;&#x430; &#x43D;&#x435; &#x43B;&#x433;&#x443;...</subfield>
    <subfield code="b">&#x41D;&#x43E;&#x442;&#x44B;</subfield>
    <subfield code="e">&#x441;&#x431;. &#x440;&#x43E;&#x43C;&#x430;&#x43D;&#x441;&#x43E;&#x432; &#x43D;&#x430; &#x441;&#x442;&#x438;&#x445;&#x438; &#x421;. &#x415;&#x441;&#x435;&#x43D;&#x438;&#x43D;&#x430;</subfield>
    <subfield code="e">[&#x434;&#x43B;&#x44F; &#x433;&#x43E;&#x43B;&#x43E;&#x441;&#x430; &#x438; &#x444;&#x43F;.]</subfield>
    <subfield code="f">&#x412;. &#x425;&#x43E;&#x442;&#x438;&#x43D;&#x43E;&#x432;</subfield>
  </datafield>
  <datafield tag="210" ind1=" " ind2=" ">
    <subfield code="a">&#x415;&#x43A;&#x430;&#x442;&#x435;&#x440;&#x438;&#x43D;&#x431;&#x443;&#x440;&#x433;</subfield>
    <subfield code="c">&#x424;&#x438;&#x43B;&#x430;&#x43D;&#x442;&#x440;&#x43E;&#x43F;</subfield>
    <subfield code="d">2005</subfield>
  </datafield>
  <datafield tag="215" ind1=" " ind2=" ">
    <subfield code="a">106 &#x441;.</subfield>
    <subfield code="c">&#x43F;&#x43E;&#x440;&#x442;&#x440;.</subfield>
    <subfield code="d">29 &#x441;&#x43C;</subfield>
  </datafield>
  <datafield tag="300" ind1=" " ind2=" ">
    <subfield code="a">&#x41D;&#x430; &#x43E;&#x431;&#x43E;&#x440;&#x43E;&#x442;&#x435; &#x442;&#x438;&#x442;. &#x43B;.: &#x41F;&#x43E;&#x441;&#x432;&#x44F;&#x449;&#x430;&#x435;&#x442;&#x441;&#x44F; 110-&#x439; &#x433;&#x43E;&#x434;&#x43E;&#x432;&#x449;&#x438;&#x43D;&#x435; &#x441;&#x43E; &#x434;&#x43D;&#x44F; &#x440;&#x43E;&#x436;&#x434;&#x435;&#x43D;&#x438;&#x44F; &#x421;. &#x415;&#x441;&#x435;&#x43D;&#x438;&#x43D;&#x430;</subfield>
  </datafield>
  <datafield tag="313" ind1=" " ind2=" ">
    <subfield code="a">&#x421;&#x438;&#x441;&#x442;&#x435;&#x43C;&#x430;&#x442;&#x438;&#x437;&#x430;&#x446;&#x438;&#x44F; &#x434;&#x43E;&#x43A;&#x443;&#x43C;&#x435;&#x43D;&#x442;&#x430; &#x43F;&#x440;&#x43E;&#x432;&#x435;&#x434;&#x435;&#x43D;&#x430; &#x43F;&#x43E; &#x438;&#x437;&#x434;&#x430;&#x43D;&#x438;&#x44E; - &#x41C;&#x435;&#x442;&#x43E;&#x434;&#x438;&#x43A;&#x430; &#x43A;&#x43B;&#x430;&#x441;&#x441;&#x438;&#x444;&#x438;&#x446;&#x438;&#x440;&#x43E;&#x432;&#x430;&#x43D;&#x438;&#x44F; &#x43C;&#x443;&#x437;&#x44B;&#x43A;&#x430;&#x43B;&#x44C;&#x43D;&#x44B;&#x445; &#x43F;&#x440;&#x43E;&#x438;&#x437;&#x432;&#x435;&#x434;&#x435;&#x43D;&#x438;&#x439; (&#x43D;&#x43E;&#x442;&#x43D;&#x44B;&#x445; &#x438;&#x437;&#x434;&#x430;&#x43D;&#x438;&#x439;) &#x43F;&#x43E; &#x442;&#x430;&#x431;&#x43B;&#x438;&#x446;&#x430;&#x43C; &#x411;&#x438;&#x431;&#x43B;&#x438;&#x43E;&#x442;&#x435;&#x447;&#x43D;&#x43E;-&#x431;&#x438;&#x431;&#x43B;&#x438;&#x43E;&#x433;&#x440;&#x430;&#x444;&#x438;&#x447;&#x435;&#x441;&#x43A;&#x438;&#x445; &#x43A;&#x43B;&#x430;&#x441;&#x441;&#x438;&#x444;&#x438;&#x43A;&#x430;&#x446;&#x438;&#x439; : &#x43C;&#x435;&#x442;&#x43E;&#x434;. &#x440;&#x435;&#x43A;&#x43E;&#x43C;&#x435;&#x43D;&#x434;&#x430;&#x446;&#x438;&#x438; / &#x413;&#x43E;&#x441;. &#x431;-&#x43A;&#x430; &#x421;&#x421;&#x421;&#x420; &#x438;&#x43C;. &#x412;.&#x418;. &#x41B;&#x435;&#x43D;&#x438;&#x43D;&#x430;.- &#x41C;., 1977. &#x418;&#x43D;&#x434;&#x435;&#x43A;&#x441;&#x443; &#x411;&#x411;&#x41A; &#x43C;&#x435;&#x442;&#x43E;&#x434;&#x438;&#x447;&#x435;&#x441;&#x43A;&#x438;&#x445; &#x440;&#x435;&#x43A;&#x43E;&#x43C;&#x435;&#x43D;&#x434;&#x430;&#x446;&#x438;&#x439; &#x43F;&#x440;&#x438;&#x441;&#x432;&#x430;&#x438;&#x432;&#x430;&#x435;&#x442;&#x441;&#x44F; &#x43A;&#x43E;&#x434; &#x411;&#x411;&#x41A; &#x434;&#x43B;&#x44F; &#x43D;&#x430;&#x443;&#x447;&#x43D;&#x44B;&#x445; &#x431;&#x438;&#x431;&#x43B;&#x438;&#x43E;&#x442;&#x435;&#x43A; - LBC/SL</subfield>
  </datafield>
  <datafield tag="316" ind1=" " ind2=" ">
    <subfield code="6">b11899</subfield>
    <subfield code="a">&#x42D;&#x43A;&#x437;. &#x441; &#x448;&#x438;&#x444;&#x440;&#x43E;&#x43C; 986/245&#x430; &#x441; &#x434;&#x430;&#x440;&#x441;&#x442;&#x432;. &#x43D;&#x430;&#x434;&#x43F;&#x438;&#x441;&#x44C;&#x44E; &#x412;. &#x412;. &#x425;&#x43E;&#x442;&#x438;&#x43D;&#x43E;&#x432;&#x430;</subfield>
    <subfield code="5">NLR</subfield>
  </datafield>
  <datafield tag="327" ind1="1" ind2=" ">
    <subfield code="a">1. &#x412;&#x43E;&#x442; &#x443;&#x436; &#x432;&#x435;&#x447;&#x435;&#x440; ;</subfield>
    <subfield code="a">2. &#x41F;&#x43E;&#x451;&#x442; &#x437;&#x438;&#x43C;&#x430;-&#x430;&#x443;&#x43A;&#x430;&#x435;&#x442;... ;</subfield>
    <subfield code="a">3. &#x425;&#x43E;&#x440;&#x43E;&#x448;&#x430; &#x431;&#x44B;&#x43B;&#x430; &#x422;&#x430;&#x43D;&#x44E;&#x448;&#x430; ;</subfield>
    <subfield code="a">4. &#x41F;&#x43E;&#x434;&#x440;&#x430;&#x436;&#x430;&#x43D;&#x44C;&#x435; &#x43F;&#x435;&#x441;&#x43D;&#x435; : "&#x422;&#x44B; &#x43F;&#x43E;&#x438;&#x43B;&#x430; &#x43A;&#x43E;&#x43D;&#x44F;..." ;</subfield>
    <subfield code="a">5. &#x421;&#x44B;&#x43F;&#x43B;&#x435;&#x442; &#x447;&#x435;&#x440;&#x435;&#x43C;&#x443;&#x445;&#x430; &#x441;&#x43D;&#x435;&#x433;&#x43E;&#x43C; ;</subfield>
    <subfield code="a">6. &#x41A;&#x440;&#x430;&#x439; &#x43B;&#x44E;&#x431;&#x438;&#x43C;&#x44B;&#x439; ;</subfield>
    <subfield code="a">7. &#x41D;&#x435; &#x431;&#x440;&#x43E;&#x434;&#x438;&#x442;&#x44C;, &#x43D;&#x435; &#x43C;&#x44F;&#x442;&#x44C; &#x432; &#x43A;&#x443;&#x441;&#x442;&#x430;&#x445; &#x431;&#x430;&#x433;&#x440;&#x44F;&#x43D;&#x44B;&#x445; ;</subfield>
    <subfield code="a">8. &#x413;&#x434;&#x435; &#x442;&#x44B;, &#x433;&#x434;&#x435; &#x442;&#x44B;, &#x43E;&#x442;&#x447;&#x438;&#x439; &#x434;&#x43E;&#x43C;... ;</subfield>
    <subfield code="a">9. &#x41F;&#x435;&#x441;&#x43D;&#x44C; &#x43E; &#x441;&#x43E;&#x431;&#x430;&#x43A;&#x435; : "&#x423;&#x442;&#x440;&#x43E;&#x43C; &#x432; &#x440;&#x436;&#x430;&#x43D;&#x43E;&#x43C; &#x437;&#x430;&#x43A;&#x443;&#x442;&#x435;..." ;</subfield>
    <subfield code="a">10. &#x42F; &#x43E;&#x431;&#x43C;&#x430;&#x43D;&#x44B;&#x432;&#x430;&#x442;&#x44C; &#x441;&#x435;&#x431;&#x44F; &#x43D;&#x435; &#x441;&#x442;&#x430;&#x43D;&#x443; ;</subfield>
    <subfield code="a">11. &#x421;&#x44B;&#x43F;&#x44C;, &#x433;&#x430;&#x440;&#x43C;&#x43E;&#x43D;&#x438;&#x43A;&#x430;... ;</subfield>
    <subfield code="a">12. &#x41F;&#x43E;&#x439; &#x436;&#x435;, &#x43F;&#x43E;&#x439; ;</subfield>
    <subfield code="a">13. &#x417;&#x430;&#x43C;&#x435;&#x442;&#x430;&#x43B;&#x441;&#x44F; &#x43F;&#x43E;&#x436;&#x430;&#x440; &#x433;&#x43E;&#x43B;&#x443;&#x431;&#x43E;&#x439; ;</subfield>
    <subfield code="a">14. &#x41F;&#x443;&#x441;&#x43A;&#x430;&#x439; &#x442;&#x44B; &#x432;&#x44B;&#x43F;&#x438;&#x442;&#x430; &#x434;&#x440;&#x443;&#x433;&#x438;&#x43C; ;</subfield>
    <subfield code="a">15. &#x414;&#x43E;&#x440;&#x43E;&#x433;&#x430;&#x44F;, &#x441;&#x44F;&#x434;&#x435;&#x43C; &#x440;&#x44F;&#x434;&#x43E;&#x43C; ;</subfield>
    <subfield code="a">16. &#x41C;&#x43D;&#x435; &#x433;&#x440;&#x443;&#x441;&#x442;&#x43D;&#x43E; &#x43D;&#x430; &#x442;&#x435;&#x431;&#x44F; &#x441;&#x43C;&#x43E;&#x442;&#x440;&#x435;&#x442;&#x44C; ;</subfield>
    <subfield code="a">17. &#x41C;&#x44B; &#x442;&#x435;&#x43F;&#x435;&#x440;&#x44C; &#x443;&#x445;&#x43E;&#x434;&#x438;&#x43C; &#x43F;&#x43E;&#x43D;&#x435;&#x43C;&#x43D;&#x43E;&#x433;&#x443; ;</subfield>
    <subfield code="a">18. &#x42D;&#x445; &#x432;&#x44B;, &#x441;&#x430;&#x43D;&#x438;! ;</subfield>
    <subfield code="a">19. &#x422;&#x44B; &#x43C;&#x435;&#x43D;&#x44F; &#x43D;&#x435; &#x43B;&#x44E;&#x431;&#x438;&#x448;&#x44C;, &#x43D;&#x435; &#x436;&#x430;&#x43B;&#x435;&#x435;&#x448;&#x44C; ;</subfield>
    <subfield code="a">20. &#x413;&#x430;&#x441;&#x43D;&#x443;&#x442; &#x43A;&#x440;&#x430;&#x441;&#x43D;&#x44B;&#x435; &#x43B;&#x438;&#x441;&#x442;&#x44C;&#x44F; &#x437;&#x430;&#x43A;&#x430;&#x442;&#x430; ;</subfield>
    <subfield code="a">21. &#x421;&#x438;&#x43D;&#x435;&#x435; &#x43D;&#x435;&#x431;&#x43E; ;</subfield>
    <subfield code="a">22. &#x412;&#x435;&#x442;&#x440;&#x44B;, &#x432;&#x435;&#x442;&#x440;&#x44B;... ;</subfield>
    <subfield code="a">23. &#x426;&#x432;&#x435;&#x442;&#x44B; &#x43D;&#x430; &#x43F;&#x43E;&#x434;&#x43E;&#x43A;&#x43E;&#x43D;&#x43D;&#x438;&#x43A;&#x435; ;</subfield>
    <subfield code="a">24. &#x426;&#x432;&#x435;&#x442;&#x44B; &#x43C;&#x43D;&#x435; &#x433;&#x43E;&#x432;&#x43E;&#x440;&#x44F;&#x442; ;</subfield>
    <subfield code="a">25. &#x41A;&#x442;&#x43E; &#x44F;? ;</subfield>
    <subfield code="a">26. &#x41F;&#x438;&#x441;&#x44C;&#x43C;&#x43E; &#x43A; &#x436;&#x435;&#x43D;&#x449;&#x438;&#x43D;&#x435; : "&#x412;&#x44B; &#x43F;&#x43E;&#x43C;&#x43D;&#x438;&#x442;&#x435;, &#x432;&#x44B; &#x432;&#x441;&#x435;, &#x43A;&#x43E;&#x43D;&#x435;&#x447;&#x43D;&#x43E;, &#x43F;&#x43E;&#x43C;&#x43D;&#x438;&#x442;&#x435;..." ;</subfield>
    <subfield code="a">27. &#x411;&#x435;&#x440;&#x435;&#x437;&#x430; : "&#x411;&#x435;&#x43B;&#x430;&#x44F; &#x431;&#x435;&#x440;&#x435;&#x437;&#x430; &#x43F;&#x43E;&#x434; &#x43C;&#x43E;&#x438;&#x43C; &#x43E;&#x43A;&#x43D;&#x43E;&#x43C;..."</subfield>
  </datafield>
  <datafield tag="464" ind1=" " ind2="0">
    <subfield code="1">2001#$a&#x412;&#x43E;&#x442; &#x443;&#x436; &#x432;&#x435;&#x447;&#x435;&#x440;</subfield>
    <subfield code="1">215##$a&#x421;.3-6</subfield>
    <subfield code="t">&#x412;&#x43E;&#x442; &#x443;&#x436; &#x432;&#x435;&#x447;&#x435;&#x440;</subfield>
  </datafield>
  <datafield tag="464" ind1=" " ind2="0">
    <subfield code="1">2001#$a&#x41F;&#x43E;&#x451;&#x442; &#x437;&#x438;&#x43C;&#x430;-&#x430;&#x443;&#x43A;&#x430;&#x435;&#x442;...</subfield>
    <subfield code="1">215##$a&#x421;.7-11</subfield>
    <subfield code="t">&#x41F;&#x43E;&#x451;&#x442; &#x437;&#x438;&#x43C;&#x430;-&#x430;&#x443;&#x43A;&#x430;&#x435;&#x442;...</subfield>
  </datafield>
  <datafield tag="464" ind1=" " ind2="0">
    <subfield code="1">2001#$a&#x425;&#x43E;&#x440;&#x43E;&#x448;&#x430; &#x431;&#x44B;&#x43B;&#x430; &#x422;&#x430;&#x43D;&#x44E;&#x448;&#x430;</subfield>
    <subfield code="1">215##$a&#x421;.12-14</subfield>
    <subfield code="t">&#x425;&#x43E;&#x440;&#x43E;&#x448;&#x430; &#x431;&#x44B;&#x43B;&#x430; &#x422;&#x430;&#x43D;&#x44E;&#x448;&#x430;</subfield>
  </datafield>
  <datafield tag="464" ind1=" " ind2="0">
    <subfield code="1">2001#$a&#x41F;&#x43E;&#x434;&#x440;&#x430;&#x436;&#x430;&#x43D;&#x44C;&#x435; &#x43F;&#x435;&#x441;&#x43D;&#x435;$e"&#x422;&#x44B; &#x43F;&#x43E;&#x438;&#x43B;&#x430; &#x43A;&#x43E;&#x43D;&#x44F;..."</subfield>
    <subfield code="1">215##$a&#x421;.15-17</subfield>
    <subfield code="t">&#x41F;&#x43E;&#x434;&#x440;&#x430;&#x436;&#x430;&#x43D;&#x44C;&#x435; &#x43F;&#x435;&#x441;&#x43D;&#x435;</subfield>
  </datafield>
  <datafield tag="464" ind1=" " ind2="0">
    <subfield code="1">2001#$a&#x421;&#x44B;&#x43F;&#x43B;&#x435;&#x442; &#x447;&#x435;&#x440;&#x435;&#x43C;&#x443;&#x445;&#x430; &#x441;&#x43D;&#x435;&#x433;&#x43E;&#x43C;</subfield>
    <subfield code="1">215##$a&#x421;.18-21</subfield>
    <subfield code="t">&#x421;&#x44B;&#x43F;&#x43B;&#x435;&#x442; &#x447;&#x435;&#x440;&#x435;&#x43C;&#x443;&#x445;&#x430; &#x441;&#x43D;&#x435;&#x433;&#x43E;&#x43C;</subfield>
  </datafield>
  <datafield tag="464" ind1=" " ind2="0">
    <subfield code="1">2001#$a&#x41A;&#x440;&#x430;&#x439; &#x43B;&#x44E;&#x431;&#x438;&#x43C;&#x44B;&#x439;</subfield>
    <subfield code="1">215##$a&#x421;.22-25</subfield>
    <subfield code="t">&#x41A;&#x440;&#x430;&#x439; &#x43B;&#x44E;&#x431;&#x438;&#x43C;&#x44B;&#x439;</subfield>
  </datafield>
  <datafield tag="464" ind1=" " ind2="0">
    <subfield code="1">2001#$a&#x41D;&#x435; &#x431;&#x440;&#x43E;&#x434;&#x438;&#x442;&#x44C;, &#x43D;&#x435; &#x43C;&#x44F;&#x442;&#x44C; &#x432; &#x43A;&#x443;&#x441;&#x442;&#x430;&#x445; &#x431;&#x430;&#x433;&#x440;&#x44F;&#x43D;&#x44B;&#x445;</subfield>
    <subfield code="1">215##$a&#x421;.26-29</subfield>
    <subfield code="t">&#x41D;&#x435; &#x431;&#x440;&#x43E;&#x434;&#x438;&#x442;&#x44C;, &#x43D;&#x435; &#x43C;&#x44F;&#x442;&#x44C; &#x432; &#x43A;&#x443;&#x441;&#x442;&#x430;&#x445; &#x431;&#x430;&#x433;&#x440;&#x44F;&#x43D;&#x44B;&#x445;</subfield>
  </datafield>
  <datafield tag="464" ind1=" " ind2="0">
    <subfield code="1">2001#$a&#x413;&#x434;&#x435; &#x442;&#x44B;, &#x433;&#x434;&#x435; &#x442;&#x44B;, &#x43E;&#x442;&#x447;&#x438;&#x439; &#x434;&#x43E;&#x43C;...</subfield>
    <subfield code="1">215##$a&#x421;.30-33</subfield>
    <subfield code="t">&#x413;&#x434;&#x435; &#x442;&#x44B;, &#x433;&#x434;&#x435; &#x442;&#x44B;, &#x43E;&#x442;&#x447;&#x438;&#x439; &#x434;&#x43E;&#x43C;...</subfield>
  </datafield>
  <datafield tag="464" ind1=" " ind2="0">
    <subfield code="1">2001#$a&#x41F;&#x435;&#x441;&#x43D;&#x44C; &#x43E; &#x441;&#x43E;&#x431;&#x430;&#x43A;&#x435;$e"&#x423;&#x442;&#x440;&#x43E;&#x43C; &#x432; &#x440;&#x436;&#x430;&#x43D;&#x43E;&#x43C; &#x437;&#x430;&#x43A;&#x443;&#x442;&#x435;..."</subfield>
    <subfield code="1">215##$a&#x421;.34-36</subfield>
    <subfield code="t">&#x41F;&#x435;&#x441;&#x43D;&#x44C; &#x43E; &#x441;&#x43E;&#x431;&#x430;&#x43A;&#x435;</subfield>
  </datafield>
  <datafield tag="464" ind1=" " ind2="0">
    <subfield code="1">2001#$a&#x42F; &#x43E;&#x431;&#x43C;&#x430;&#x43D;&#x44B;&#x432;&#x430;&#x442;&#x44C; &#x441;&#x435;&#x431;&#x44F; &#x43D;&#x435; &#x441;&#x442;&#x430;&#x43D;&#x443;</subfield>
    <subfield code="1">215##$a&#x421;.37-39</subfield>
    <subfield code="t">&#x42F; &#x43E;&#x431;&#x43C;&#x430;&#x43D;&#x44B;&#x432;&#x430;&#x442;&#x44C; &#x441;&#x435;&#x431;&#x44F; &#x43D;&#x435; &#x441;&#x442;&#x430;&#x43D;&#x443;</subfield>
  </datafield>
  <datafield tag="464" ind1=" " ind2="0">
    <subfield code="1">2001#$a&#x421;&#x44B;&#x43F;&#x44C;, &#x433;&#x430;&#x440;&#x43C;&#x43E;&#x43D;&#x438;&#x43A;&#x430;...</subfield>
    <subfield code="1">215##$a&#x421;.40-42</subfield>
    <subfield code="t">&#x421;&#x44B;&#x43F;&#x44C;, &#x433;&#x430;&#x440;&#x43C;&#x43E;&#x43D;&#x438;&#x43A;&#x430;...</subfield>
  </datafield>
  <datafield tag="464" ind1=" " ind2="0">
    <subfield code="1">2001#$a&#x41F;&#x43E;&#x439; &#x436;&#x435;, &#x43F;&#x43E;&#x439;</subfield>
    <subfield code="1">215##$a&#x421;.43-45</subfield>
    <subfield code="t">&#x41F;&#x43E;&#x439; &#x436;&#x435;, &#x43F;&#x43E;&#x439;</subfield>
  </datafield>
  <datafield tag="464" ind1=" " ind2="0">
    <subfield code="1">2001#$a&#x417;&#x430;&#x43C;&#x435;&#x442;&#x430;&#x43B;&#x441;&#x44F; &#x43F;&#x43E;&#x436;&#x430;&#x440; &#x433;&#x43E;&#x43B;&#x443;&#x431;&#x43E;&#x439;</subfield>
    <subfield code="1">215##$a&#x421;.46-50</subfield>
    <subfield code="t">&#x417;&#x430;&#x43C;&#x435;&#x442;&#x430;&#x43B;&#x441;&#x44F; &#x43F;&#x43E;&#x436;&#x430;&#x440; &#x433;&#x43E;&#x43B;&#x443;&#x431;&#x43E;&#x439;</subfield>
  </datafield>
  <datafield tag="464" ind1=" " ind2="0">
    <subfield code="1">2001#$a&#x41F;&#x443;&#x441;&#x43A;&#x430;&#x439; &#x442;&#x44B; &#x432;&#x44B;&#x43F;&#x438;&#x442;&#x430; &#x434;&#x440;&#x443;&#x433;&#x438;&#x43C;</subfield>
    <subfield code="1">215##$a&#x421;.51-55</subfield>
    <subfield code="t">&#x41F;&#x443;&#x441;&#x43A;&#x430;&#x439; &#x442;&#x44B; &#x432;&#x44B;&#x43F;&#x438;&#x442;&#x430; &#x434;&#x440;&#x443;&#x433;&#x438;&#x43C;</subfield>
  </datafield>
  <datafield tag="464" ind1=" " ind2="0">
    <subfield code="1">2001#$a&#x414;&#x43E;&#x440;&#x43E;&#x433;&#x430;&#x44F;, &#x441;&#x44F;&#x434;&#x435;&#x43C; &#x440;&#x44F;&#x434;&#x43E;&#x43C;</subfield>
    <subfield code="1">215##$a&#x421;.56-58</subfield>
    <subfield code="t">&#x414;&#x43E;&#x440;&#x43E;&#x433;&#x430;&#x44F;, &#x441;&#x44F;&#x434;&#x435;&#x43C; &#x440;&#x44F;&#x434;&#x43E;&#x43C;</subfield>
  </datafield>
  <datafield tag="464" ind1=" " ind2="0">
    <subfield code="1">2001#$a&#x41C;&#x43D;&#x435; &#x433;&#x440;&#x443;&#x441;&#x442;&#x43D;&#x43E; &#x43D;&#x430; &#x442;&#x435;&#x431;&#x44F; &#x441;&#x43C;&#x43E;&#x442;&#x440;&#x435;&#x442;&#x44C;</subfield>
    <subfield code="1">215##$a&#x421;.59-63</subfield>
    <subfield code="t">&#x41C;&#x43D;&#x435; &#x433;&#x440;&#x443;&#x441;&#x442;&#x43D;&#x43E; &#x43D;&#x430; &#x442;&#x435;&#x431;&#x44F; &#x441;&#x43C;&#x43E;&#x442;&#x440;&#x435;&#x442;&#x44C;</subfield>
  </datafield>
  <datafield tag="464" ind1=" " ind2="0">
    <subfield code="1">2001#$a&#x41C;&#x44B; &#x442;&#x435;&#x43F;&#x435;&#x440;&#x44C; &#x443;&#x445;&#x43E;&#x434;&#x438;&#x43C; &#x43F;&#x43E;&#x43D;&#x435;&#x43C;&#x43D;&#x43E;&#x433;&#x443;</subfield>
    <subfield code="1">215##$a&#x421;.64-67</subfield>
    <subfield code="t">&#x41C;&#x44B; &#x442;&#x435;&#x43F;&#x435;&#x440;&#x44C; &#x443;&#x445;&#x43E;&#x434;&#x438;&#x43C; &#x43F;&#x43E;&#x43D;&#x435;&#x43C;&#x43D;&#x43E;&#x433;&#x443;</subfield>
  </datafield>
  <datafield tag="464" ind1=" " ind2="0">
    <subfield code="1">2001#$a&#x42D;&#x445; &#x432;&#x44B;, &#x441;&#x430;&#x43D;&#x438;!</subfield>
    <subfield code="1">215##$a&#x421;.68-71</subfield>
    <subfield code="t">&#x42D;&#x445; &#x432;&#x44B;, &#x441;&#x430;&#x43D;&#x438;!</subfield>
  </datafield>
  <datafield tag="464" ind1=" " ind2="0">
    <subfield code="1">2001#$a&#x422;&#x44B; &#x43C;&#x435;&#x43D;&#x44F; &#x43D;&#x435; &#x43B;&#x44E;&#x431;&#x438;&#x448;&#x44C;, &#x43D;&#x435; &#x436;&#x430;&#x43B;&#x435;&#x435;&#x448;&#x44C;</subfield>
    <subfield code="1">215##$a&#x421;.72-75</subfield>
    <subfield code="t">&#x422;&#x44B; &#x43C;&#x435;&#x43D;&#x44F; &#x43D;&#x435; &#x43B;&#x44E;&#x431;&#x438;&#x448;&#x44C;, &#x43D;&#x435; &#x436;&#x430;&#x43B;&#x435;&#x435;&#x448;&#x44C;</subfield>
  </datafield>
  <datafield tag="464" ind1=" " ind2="0">
    <subfield code="1">2001#$a&#x413;&#x430;&#x441;&#x43D;&#x443;&#x442; &#x43A;&#x440;&#x430;&#x441;&#x43D;&#x44B;&#x435; &#x43B;&#x438;&#x441;&#x442;&#x44C;&#x44F; &#x437;&#x430;&#x43A;&#x430;&#x442;&#x430;</subfield>
    <subfield code="1">215##$a&#x421;.76-78</subfield>
    <subfield code="t">&#x413;&#x430;&#x441;&#x43D;&#x443;&#x442; &#x43A;&#x440;&#x430;&#x441;&#x43D;&#x44B;&#x435; &#x43B;&#x438;&#x441;&#x442;&#x44C;&#x44F; &#x437;&#x430;&#x43A;&#x430;&#x442;&#x430;</subfield>
  </datafield>
  <datafield tag="464" ind1=" " ind2="0">
    <subfield code="1">2001#$a&#x421;&#x438;&#x43D;&#x435;&#x435; &#x43D;&#x435;&#x431;&#x43E;</subfield>
    <subfield code="1">215##$a&#x421;.79-82</subfield>
    <subfield code="t">&#x421;&#x438;&#x43D;&#x435;&#x435; &#x43D;&#x435;&#x431;&#x43E;</subfield>
  </datafield>
  <datafield tag="464" ind1=" " ind2="0">
    <subfield code="1">2001#$a&#x412;&#x435;&#x442;&#x440;&#x44B;, &#x432;&#x435;&#x442;&#x440;&#x44B;...</subfield>
    <subfield code="1">215##$a&#x421;.83-86</subfield>
    <subfield code="t">&#x412;&#x435;&#x442;&#x440;&#x44B;, &#x432;&#x435;&#x442;&#x440;&#x44B;...</subfield>
  </datafield>
  <datafield tag="464" ind1=" " ind2="0">
    <subfield code="1">2001#$a&#x426;&#x432;&#x435;&#x442;&#x44B; &#x43D;&#x430; &#x43F;&#x43E;&#x434;&#x43E;&#x43A;&#x43E;&#x43D;&#x43D;&#x438;&#x43A;&#x435;</subfield>
    <subfield code="1">215##$a&#x421;.87-90</subfield>
    <subfield code="t">&#x426;&#x432;&#x435;&#x442;&#x44B; &#x43D;&#x430; &#x43F;&#x43E;&#x434;&#x43E;&#x43A;&#x43E;&#x43D;&#x43D;&#x438;&#x43A;&#x435;</subfield>
  </datafield>
  <datafield tag="464" ind1=" " ind2="0">
    <subfield code="1">2001#$a&#x426;&#x432;&#x435;&#x442;&#x44B; &#x43C;&#x43D;&#x435; &#x433;&#x43E;&#x432;&#x43E;&#x440;&#x44F;&#x442;</subfield>
    <subfield code="1">215##$a&#x421;.91-96</subfield>
    <subfield code="t">&#x426;&#x432;&#x435;&#x442;&#x44B; &#x43C;&#x43D;&#x435; &#x433;&#x43E;&#x432;&#x43E;&#x440;&#x44F;&#x442;</subfield>
  </datafield>
  <datafield tag="464" ind1=" " ind2="0">
    <subfield code="1">2001#$a&#x41A;&#x442;&#x43E; &#x44F;?</subfield>
    <subfield code="1">215##$a&#x421;.97-99</subfield>
    <subfield code="t">&#x41A;&#x442;&#x43E; &#x44F;?</subfield>
  </datafield>
  <datafield tag="464" ind1=" " ind2="0">
    <subfield code="1">2001#$a&#x41F;&#x438;&#x441;&#x44C;&#x43C;&#x43E; &#x43A; &#x436;&#x435;&#x43D;&#x449;&#x438;&#x43D;&#x435;$e"&#x412;&#x44B; &#x43F;&#x43E;&#x43C;&#x43D;&#x438;&#x442;&#x435;, &#x432;&#x44B; &#x432;&#x441;&#x435;, &#x43A;&#x43E;&#x43D;&#x435;&#x447;&#x43D;&#x43E;, &#x43F;&#x43E;&#x43C;&#x43D;&#x438;&#x442;&#x435;..."</subfield>
    <subfield code="1">215##$a&#x421;.100-102</subfield>
    <subfield code="t">&#x41F;&#x438;&#x441;&#x44C;&#x43C;&#x43E; &#x43A; &#x436;&#x435;&#x43D;&#x449;&#x438;&#x43D;&#x435;</subfield>
  </datafield>
  <datafield tag="464" ind1=" " ind2="0">
    <subfield code="1">2001#$a&#x411;&#x435;&#x440;&#x435;&#x437;&#x430;$e"&#x411;&#x435;&#x43B;&#x430;&#x44F; &#x431;&#x435;&#x440;&#x435;&#x437;&#x430; &#x43F;&#x43E;&#x434; &#x43C;&#x43E;&#x438;&#x43C; &#x43E;&#x43A;&#x43D;&#x43E;&#x43C;..."</subfield>
    <subfield code="1">215##$a&#x421;.103-105</subfield>
    <subfield code="t">&#x411;&#x435;&#x440;&#x435;&#x437;&#x430;</subfield>
  </datafield>
  <datafield tag="606" ind1="1" ind2=" ">
    <subfield code="a">&#x420;&#x43E;&#x43C;&#x430;&#x43D;&#x441;&#x44B; &#x43D;&#x430; &#x441;&#x442;&#x438;&#x445;&#x438; &#x421;. &#x415;&#x441;&#x435;&#x43D;&#x438;&#x43D;&#x430;</subfield>
    <subfield code="j">&#x41D;&#x43E;&#x442;&#x44B;</subfield>
    <subfield code="2">nlr_sh</subfield>
  </datafield>
  <datafield tag="608" ind1=" " ind2=" ">
    <subfield code="a">&#x420;&#x43E;&#x43C;&#x430;&#x43D;&#x441; (&#x432;&#x43E;&#x43A;&#x430;&#x43B;&#x44C;&#x43D;&#x44B;&#x439;)</subfield>
    <subfield code="x">&#x41D;&#x43E;&#x442;&#x44B;</subfield>
    <subfield code="y">&#x420;&#x43E;&#x441;&#x441;&#x438;&#x44F;</subfield>
    <subfield code="z">20-21 &#x432;&#x432;.</subfield>
    <subfield code="2">nlr_sh</subfield>
  </datafield>
  <datafield tag="686" ind1=" " ind2=" ">
    <subfield code="a">&#x429;943.4-42-043.3(2&#x420;)&#x44F;44</subfield>
    <subfield code="v">LBC/SL</subfield>
    <subfield code="2">rubbk</subfield>
  </datafield>
  <datafield tag="700" ind1=" " ind2="1">
    <subfield code="9">z01790</subfield>
    <subfield code="a">&#x425;&#x43E;&#x442;&#x438;&#x43D;&#x43E;&#x432;</subfield>
    <subfield code="b">&#x412;. &#x412;.</subfield>
    <subfield code="f">1943-</subfield>
    <subfield code="g">&#x412;&#x438;&#x43A;&#x442;&#x43E;&#x440; &#x412;&#x438;&#x43A;&#x442;&#x43E;&#x440;&#x43E;&#x432;&#x438;&#x447;</subfield>
    <subfield code="4">230</subfield>
    <subfield code="7">ca</subfield>
  </datafield>
  <datafield tag="702" ind1=" " ind2="1">
    <subfield code="4">520</subfield>
    <subfield code="8">rus</subfield>
    <subfield code="7">ca</subfield>
    <subfield code="a">&#x415;&#x441;&#x435;&#x43D;&#x438;&#x43D;</subfield>
    <subfield code="b">&#x421;. &#x410;.</subfield>
    <subfield code="f">1895-1925</subfield>
    <subfield code="g">&#x421;&#x435;&#x440;&#x433;&#x435;&#x439; &#x410;&#x43B;&#x435;&#x43A;&#x441;&#x430;&#x43D;&#x434;&#x440;&#x43E;&#x432;&#x438;&#x447;</subfield>
    <subfield code="3">RU\NLR\AUTH\774376</subfield>
    <subfield code="9">114357</subfield>
  </datafield>
  <datafield tag="790" ind1=" " ind2="1">
    <subfield code="9">z01700</subfield>
    <subfield code="a">Chotinov</subfield>
    <subfield code="b">V. V.</subfield>
    <subfield code="g">Viktor Viktorovi&#x10D;</subfield>
    <subfield code="4">230</subfield>
    <subfield code="7">ba</subfield>
  </datafield>
  <datafield tag="790" ind1=" " ind2="1">
    <subfield code="4">520</subfield>
    <subfield code="8">rus</subfield>
    <subfield code="7">ca</subfield>
    <subfield code="a">Esenin</subfield>
    <subfield code="b">S. A.</subfield>
    <subfield code="f">1895-1925</subfield>
    <subfield code="g">Sergej Aleksandrovi&#x10D;</subfield>
    <subfield code="3">RU\NLR\AUTH\7717292</subfield>
    <subfield code="9">381</subfield>
  </datafield>
  <datafield tag="801" ind1=" " ind2="0">
    <subfield code="a">RU</subfield>
    <subfield code="b">NLR</subfield>
    <subfield code="c">20140708</subfield>
    <subfield code="g">PSBO</subfield>
  </datafield>
  <datafield tag="801" ind1=" " ind2="1">
    <subfield code="a">RU</subfield>
    <subfield code="b">NLR</subfield>
    <subfield code="c">20140708</subfield>
    <subfield code="2">rusmarc</subfield>
  </datafield>
  <datafield tag="801" ind1=" " ind2="2">
    <subfield code="a">RU</subfield>
    <subfield code="b">NLR</subfield>
    <subfield code="c">20190630</subfield>
  </datafield>
  <datafield tag="852" ind1=" " ind2=" ">
    <subfield code="6">b11316</subfield>
    <subfield code="a">NLR</subfield>
    <subfield code="b">&#x41C;</subfield>
    <subfield code="j">986/245</subfield>
    <subfield code="p">280922</subfield>
    <subfield code="t">1</subfield>
  </datafield>
  <datafield tag="852" ind1=" " ind2=" ">
    <subfield code="a">NLR</subfield>
    <subfield code="b">&#x41C;</subfield>
    <subfield code="j">986/245&#x430;</subfield>
    <subfield code="p">280923</subfield>
    <subfield code="t">2</subfield>
  </datafield>
  <datafield tag="852" ind1=" " ind2=" ">
    <subfield code="a">NLR</subfield>
    <subfield code="b">&#x41C;</subfield>
    <subfield code="j">&#x41A;-3/24903</subfield>
    <subfield code="p">&#x41C;&#x41E;&#x42D; 2007-3/48</subfield>
    <subfield code="t">3</subfield>
  </datafield>
  <datafield tag="852" ind1=" " ind2=" ">
    <subfield code="a">NLR</subfield>
    <subfield code="b">&#x41C;</subfield>
    <subfield code="j">&#x41A;-3/24903&#x430;</subfield>
    <subfield code="p">&#x41C;&#x41E;&#x42D; 2007-3/48&#x430;</subfield>
    <subfield code="t">4</subfield>
  </datafield>
  <datafield tag="942" ind1=" " ind2=" ">
    <subfield code="c">SCORE</subfield>
  </datafield>
  <datafield tag="980" ind1=" " ind2=" ">
    <subfield code="a">NB</subfield>
  </datafield>
  <datafield tag="980" ind1=" " ind2=" ">
    <subfield code="a">ONIZ</subfield>
  </datafield>
  <datafield tag="995" ind1=" " ind2=" ">
    <subfield code="5">2014-07-08</subfield>
    <subfield code="b">NLR01</subfield>
    <subfield code="c">NLR01</subfield>
    <subfield code="e">ONIZ</subfield>
    <subfield code="k">986/245 986/245</subfield>
    <subfield code="o">0</subfield>
    <subfield code="r">SCORE</subfield>
    <subfield code="s">986245_986245</subfield>
  </datafield>
  <datafield tag="995" ind1=" " ind2=" ">
    <subfield code="5">2014-07-08</subfield>
    <subfield code="b">NLR01</subfield>
    <subfield code="c">NLR01</subfield>
    <subfield code="e">ONIZ</subfield>
    <subfield code="k">986/245&#x430; 986/245&#x430;</subfield>
    <subfield code="o">0</subfield>
    <subfield code="r">SCORE</subfield>
    <subfield code="s">986245_986245</subfield>
  </datafield>
  <datafield tag="995" ind1=" " ind2=" ">
    <subfield code="5">2014-07-08</subfield>
    <subfield code="b">NLR01</subfield>
    <subfield code="c">NLR01</subfield>
    <subfield code="e">ONIZ</subfield>
    <subfield code="k">&#x41A;-3/24903 &#x41A;-3/24903</subfield>
    <subfield code="o">0</subfield>
    <subfield code="r">SCORE</subfield>
    <subfield code="s">324903_324903</subfield>
  </datafield>
  <datafield tag="995" ind1=" " ind2=" ">
    <subfield code="5">2014-07-08</subfield>
    <subfield code="b">NLR01</subfield>
    <subfield code="c">NLR01</subfield>
    <subfield code="e">ONIZ</subfield>
    <subfield code="k">&#x41A;-3/24903&#x430; &#x41A;-3/24903&#x430;</subfield>
    <subfield code="o">0</subfield>
    <subfield code="r">SCORE</subfield>
    <subfield code="s">324903_324903</subfield>
  </datafield>
</record>
